000
00182 a2200097 4500
020
_a
9781426300875
041
_a
eng
100
_a
BARBARA KERLEY
245
2
_a
A LITTLE PEACE
942
_c
BK
999
_c
216
_d
216